Surveying I (Record no. 4845)

MARC details
000 -LEADER
fixed length control field 00356nam a22001577a 4500
005 - DATE AND TIME OF LATEST TRANSACTION
control field 20160630103004.0
008 - FIXED-LENGTH DATA ELEMENTS--GENERAL INFORMATION
fixed length control field 160630b xxu||||| |||| 00| 0 eng d
041 ## - LANGUAGE CODE
Language code of text/sound track or separate title eng
082 ## - DEWEY DECIMAL CLASSIFICATION NUMBER
Item number 19428
100 ## - MAIN ENTRY--AUTHOR NAME
Personal name Kochher, C L
245 ## - TITLE STATEMENT
Title Surveying I
260 ## - PUBLICATION, DISTRIBUTION, ETC. (IMPRINT)
Name of publisher S.K. Kataria & Sons
300 ## - PHYSICAL DESCRIPTION
Number of Pages 276
650 ## - SUBJECT ADDED ENTRY--TOPICAL TERM
Topical Term Diploma Engineering
942 ## - ADDED ENTRY ELEMENTS (KOHA)
Koha item type Books
Holdings
Lost status Damaged status Collection code Home library Current library Shelving location Date acquired Cost, normal purchase price Full call number Accession Number Koha item type
    Reference JRU Library   SHELF-54-A 30/06/2016 75.00 526 19428 Books
    MINING JRU Library JRU Library SHELF-88-I 30/06/2016 75.00 526 19429 Books
    MINING JRU Library JRU Library SHELF-88-F 30/06/2016 75.00 526 19430 Books
      JRU Library JRU Library SHELF-88-H 30/06/2016 75.00 526 19431 Books
    MINING JRU Library JRU Library SHELF-88-F 30/06/2016 75.00 526 19432 Books